000
00214nam a2200097Ia 4500
008
190216s9999||||xx |||||||||||||| ||und||
100
_a
Bernard Shaw
245
0
_a
Ceaser And Cleopatra
260
_b
Null
942
_c
BK
999
_c
12637
_d
12637